01262nam a2200313Ia 4500001000500000005001700005008004100022020001500063020001800078040003500096041000800131084001100139100004900150245006900199250002200268264002800290300002500318336002700343337003300370338002800403650003400431650003100465650003800496942001500534999001500549952012900564952012900693952012600822264420250922205007.0141017s2000 ck gr 000 f spa  a9580457891 a7706894224470 aCO-BoRNBPbspaerdacCO-BoRNBP0 aspa aN GAR21 aGarcía Márquez, Gabrield1928-20149257513aEl amor en los tiempos del cólera cGabriel García Márquez aPrimera edición aBogotá bNorma c2000 a479 páginasc21 cm atextobtxt2rdacontent asin mediaciónbn2rdamedia avolumenbnc2rdacarrier14aNovela colombiana2LEMB9119314aNovela amorosa2LEMB9207914aLiteratura colombiana2LEMB91068 2loccBKLIT c2644d2644 00102ddc40708GENaMEGUAMALbMEGUAMALcLITd2023-01-31l0oNGAR2pGUA000322r2023-01-31 00:00:00tEj.1w2023-01-31yBKLIT 00102ddc40708GENaMECABUYAbMECABUYAcLITd2023-06-14l0oNGAR2pCAB000336r2023-06-14 00:00:00tEj.1w2023-06-14yBKLIT 00102lcc40708GENaMESJUANIbMESJUANIcLITd2025-09-22l0oN GAR2pSJU02327r2025-09-22 20:50:49tEj.1w2025-09-22yBK